[Event "LTU-ch Women 2019"]
[Site "Vilnius"]
[Date "2019.03.20"]
[Round "6.1"]
[White "Simkunaite, Gabija"]
[Black "Kaspute, Vesta"]
[Result "1-0"]
[WhiteElo "1820"]
[BlackElo "2037"]
[Annotator "NA RC"]
[PlyCount "105"]
[EventDate "2019.??.??"]
[EventCountry "LTU"]
[SourceTitle "playchess.com"]
[Source "ChessBase"]
[SourceQuality "1"]
[TimeControl "5400+30"]

1. e4 {[%emt 0:00:00]} d6 {[%emt 0:00:00]} 2. d4 {[%emt 0:00:05]} Nf6 {[%emt 0:00:06]} 3. Nc3 {[%emt 0:00:07]} c6 {[%emt 0:00:08]} 4. Nf3 {[%emt 0:00:53]} Bg4 {[%emt 0:00:48]} 5. Be2 {[%emt 0:02:23]} e6 {[%emt 0:00:51]} 6. Bf4 {[%emt 0:03:10]} Be7 {[%emt 0:03:03]} 7. h3 {[%emt 0:02:59]} Bh5 {[%emt 0:01:21]} 8. g4 {[%emt 0:03:53]} Bg6 {[%emt 0:00:06]} 9. Bd3 {[%emt 0:01:47]} d5 {[%emt 0:13:48]} 10. e5 {[%emt 0:08:57]} Ne4 {[%emt 0:20:40]} 11. Bxe4 {[%emt 0:10:07]} dxe4 {[%emt 0:01:05]} 12. Ng1 {[%emt 0:01:59]} Qb6 {[%emt 0:07:44]} 13. Nge2 {[%emt 0:08:14]} Na6 {[%emt 0:05:17]} 14. O-O {[%emt 0:07:08]} O-O-O {[%emt 0:09:46]} 15. Rb1 {[%emt 0:07:22]} h5 {[%emt 0:03:53]} 16. g5 {[%emt 0:04:03]} h4 {[%emt 0:03:15]} 17. b4 {[%emt 0:03:47]} Qc7 {[%emt 0:05:09]} 18. a3 {[%emt 0:03:33]} Qd7 {[%emt 0:04:57]} 19. Qc1 {[%emt 0:01:46]} Nc7 {[%emt 0:00:49]} 20. Qe3 {[%emt 0:01:08]} Nd5 {[%emt 0:00:52]} 21. Nxd5 {[%emt 0:00:10]} cxd5 {[%emt 0:01:00]} 22. Rfc1 {[%emt 0:01:46]} Kb8 {[%emt 0:01:44]} 23. c4 {[%emt 0:00:33]} Ka8 {[%emt 0:02:22]} 24. cxd5 {[%emt 0:01:30]} exd5 {[%emt 0:01:27]} 25. Rc3 {[%emt 0:00:47]} Rc8 {[%emt 0:03:03]} 26. Rbc1 {[%emt 0:00:15]} Bh5 {[%emt 0:01:33]} 27. Rxc8+ {[%emt 0:01:08]} Rxc8 {[%emt 0:00:01]} 28. Rxc8+ {[%emt 0:00:29]} Qxc8 {[%emt 0:00:01]} 29. Nc3 {[%emt 0:00:35]} Bf3 {[%emt 0:01:45]} 30. Kh2 {[%emt 0:00:07]} Qc4 {[%emt 0:00:18]} 31. Kg1 {[%emt 0:04:31]} a6 {[%emt 0:03:01]} 32. Qd2 {[%emt 0:04:15]} f6 {[%emt 0:03:41]} 33. exf6 {[%emt 0:02:06]} gxf6 {[%emt 0:00:27]} 34. g6 {[%emt 0:01:17]} Bf8 {[%emt 0:01:25]} 35. Bh2 {[%emt 0:02:09]} Qc6 {[%emt 0:01:29]} 36. Qf4 {[%emt 0:00:46]} Qe8 {[%emt 0:00:23]} 37. Kf1 {[%emt 0:00:48]} Bg7 {[%emt 0:00:37]} 38. Nxd5 {[%emt 0:00:50]} Ka7 {[%emt 0:00:19]} 39. a4 {[%emt 0:01:13]} Qc8 {[%emt 0:00:28]} 40. Qc7 {[%emt 0:01:13]} Qxc7 {[%emt 0:00:30]} 41. Nxc7 {[%emt 0:00:04]} f5 {[%emt 0:00:33]} 42. Ne6 {[%emt 0:00:06]} Bh5 {[%emt 0:00:27]} 43. Nxg7 {[%emt 0:00:08]} Bxg6 {[%emt 0:00:01]} 44. Ke2 {[%emt 0:00:32]} Kb6 {[%emt 0:00:07]} 45. Ke3 {[%emt 0:00:31]} Kc6 {[%emt 0:00:23]} 46. Bb8 {[%emt 0:01:43]} Kd5 {[%emt 0:00:36]} 47. Ba7 {[%emt 0:00:16]} Kc6 {[%emt 0:00:41]} 48. a5 {[%emt 0:00:05]} Kd5 {[%emt 0:00:26]} 49. Kf4 {[%emt 0:00:06]} Kc4 {[%emt 0:00:51]} 50. Nxf5 {[%emt 0:00:17]} Kd3 {[%emt 0:00:45]} 51. Nxh4 {[%emt 0:00:44]} Bf7 {[%emt 0:00:11]} 52. Nf5 {[%emt 0:00:39]} Bd5 {[%emt 0:00:38]} 53. h4 {[%emt 0:00:31]} 1-0

[Event "LTU-ch Women 2019"]
[Site "Vilnius"]
[Date "2019.03.20"]
[Round "6.2"]
[White "Sibajeva, Marija"]
[Black "Perminaite, Guoda"]
[Result "1-0"]
[WhiteElo "2023"]
[BlackElo "1814"]
[Annotator "NA RC"]
[PlyCount "65"]
[EventDate "2019.??.??"]
[EventCountry "LTU"]
[SourceTitle "playchess.com"]
[Source "ChessBase"]
[SourceQuality "1"]
[TimeControl "5400+30"]

1. d4 {[%emt 0:00:00]} d5 {[%emt 0:00:00]} 2. Bf4 {[%emt 0:00:00]} Nf6 {[%emt 0:00:25]} 3. Nf3 {[%emt 0:00:00]} e6 {[%emt 0:00:13]} 4. e3 {[%emt 0:00:00]} c5 {[%emt 0:01:32]} 5. Nbd2 {[%emt 0:00:32]} Bd6 {[%emt 0:01:44]} 6. c3 {[%emt 0:03:31]} O-O {[%emt 0:00:22]} 7. Bd3 {[%emt 0:01:41]} Nc6 {[%emt 0:10:12]} 8. Bg3 {[%emt 0:01:01]} a6 {[%emt 0:20:49]} 9. Ne5 {[%emt 0:01:27]} Qc7 {[%emt 0:00:20]} 10. Nxc6 {[%emt 0:07:58]} Qxc6 {[%emt 0:00:25]} 11. a4 {[%emt 0:00:37]} b6 {[%emt 0:05:31]} 12. O-O {[%emt 0:01:00]} Bb7 {[%emt 0:08:57]} 13. f4 {[%emt 0:15:18]} Rfe8 {[%emt 0:07:50]} 14. Bh4 {[%emt 0:11:51]} Ne4 {[%emt 0:02:19]} 15. Rf3 {[%emt 0:04:42]} Be7 {[%emt 0:11:35]} 16. Bxe7 {[%emt 0:00:59]} Rxe7 {[%emt 0:01:04]} 17. Rh3 {[%emt 0:00:31]} h6 {[%emt 0:04:08]} 18. g4 {[%emt 0:07:53]} f6 {[%emt 0:04:08]} 19. Nf3 {[%emt 0:04:59]} Qd7 {[%emt 0:05:55]} 20. Rh4 {[%emt 0:07:31]} Qe8 {[%emt 0:03:20]} 21. Qf1 {[%emt 0:04:57]} Qg6 {[%emt 0:06:14]} 22. Qg2 {[%emt 0:00:50]} Kf8 {[%emt 0:02:57]} 23. g5 {[%emt 0:02:42]} fxg5 {[%emt 0:00:27]} 24. fxg5 {[%emt 0:00:35]} Qh7 {[%emt 0:00:55]} 25. Ne5 {[%emt 0:01:04]} Ke8 {[%emt 0:00:23]} 26. Rf1 {[%emt 0:00:36]} cxd4 {[%emt 0:00:33]} 27. exd4 {[%emt 0:03:03]} h5 {[%emt 0:00:18]} 28. Qf3 {[%emt 0:00:42]} Qg8 {[%emt 0:00:12]} 29. Rf4 {[%emt 0:03:11]} Nf6 {[%emt 0:01:11]} 30. gxf6 {[%emt 0:00:17]} gxf6+ {[%emt 0:00:24]} 31. Kh1 {[%emt 0:00:04]} f5 {[%emt 0:00:32]} 32. Rg1 {[%emt 0:00:33]} Qh7 {[%emt 0:00:30]} 33. Qxh5+ {[%emt 0:00:21]} 1-0

[Event "LTU-ch Women 2019"]
[Site "Vilnius"]
[Date "2019.03.20"]
[Round "6.3"]
[White "Maciulaityte, Barbora"]
[Black "Ditmonaite, Viktorija"]
[Result "0-1"]
[WhiteElo "1765"]
[BlackElo "1871"]
[Annotator "NA RC"]
[PlyCount "74"]
[EventDate "2019.??.??"]
[EventCountry "LTU"]
[SourceTitle "playchess.com"]
[Source "ChessBase"]
[SourceQuality "1"]
[TimeControl "5400+30"]

1. e4 {[%emt 0:00:00]} c5 {[%emt 0:00:00]} 2. Nf3 {[%emt 0:00:00]} e6 {[%emt 0:00:01]} 3. d4 {[%emt 0:00:08]} cxd4 {[%emt 0:00:07]} 4. Nxd4 {[%emt 0:00:06]} a6 {[%emt 0:00:32]} 5. h3 {[%emt 0:01:55]} Qc7 {[%emt 0:00:52]} 6. Nc3 {[%emt 0:06:13]} Nf6 {[%emt 0:01:25]} 7. g4 {[%emt 0:04:46]} Bb4 {[%emt 0:03:31]} 8. Nde2 {[%emt 0:11:37]} Nxe4 {[%emt 0:11:04]} 9. Qd4 {[%emt 0:00:30]} Nxc3 {[%emt 0:05:52]} 10. bxc3 {[%emt 0:01:42]} Bf8 {[%emt 0:00:47]} 11. Bg2 {[%emt 0:10:00]} Nc6 {[%emt 0:01:16]} 12. Qd1 {[%emt 0:05:10]} d5 {[%emt 0:02:31]} 13. O-O {[%emt 0:01:21]} Bd6 {[%emt 0:04:31]} 14. f4 {[%emt 0:02:15]} O-O {[%emt 0:03:19]} 15. Be3 {[%emt 0:05:37]} b5 {[%emt 0:08:56]} 16. f5 {[%emt 0:06:27]} Be5 {[%emt 0:10:42]} 17. Qe1 {[%emt 0:13:58]} h6 {[%emt 0:04:18]} 18. Qh4 {[%emt 0:07:36]} Qe7 {[%emt 0:09:30]} 19. Qf2 {[%emt 0:01:30]} f6 {[%emt 0:12:23]} 20. Rad1 {[%emt 0:01:43]} Rd8 {[%emt 0:00:40]} 21. Bc5 {[%emt 0:00:36]} Qf7 {[%emt 0:03:11]} 22. Rd2 {[%emt 0:01:38]} Na5 {[%emt 0:03:39]} 23. Nd4 {[%emt 0:04:48]} Bxd4 {[%emt 0:04:27]} 24. Rxd4 {[%emt 0:00:51]} Nc4 {[%emt 0:01:41]} 25. a4 {[%emt 0:02:03]} Bb7 {[%emt 0:02:20]} 26. fxe6 {[%emt 0:02:46]} Qxe6 {[%emt 0:00:08]} 27. Rb1 {[%emt 0:00:54]} Bc6 {[%emt 0:01:36]} 28. Re1 {[%emt 0:00:17]} Ne5 {[%emt 0:00:08]} 29. axb5 {[%emt 0:03:48]} axb5 {[%emt 0:00:06]} 30. Rb4 {[%emt 0:00:23]} Ra4 {[%emt 0:00:28]} 31. Bd4 {[%emt 0:01:02]} Rda8 {[%emt 0:01:18]} 32. Rxa4 {[%emt 0:03:33]} bxa4 {[%emt 0:00:22]} 33. Qf4 {[%emt 0:00:41]} a3 {[%emt 0:00:51]} 34. c4 {[%emt 0:00:33]} a2 {[%emt 0:01:09]} 35. cxd5 {[%emt 0:00:30]} Bxd5 {[%emt 0:00:11]} 36. Bxd5 {[%emt 0:00:02]} Qxd5 {[%emt 0:00:08]} 37. Ba1 Nf3+ 0-1

[Event "LTU-ch Women 2019"]
[Site "Vilnius"]
[Date "2019.03.20"]
[Round "6.4"]
[White "Limontaite, Simona"]
[Black "Maziukaite, Kristina"]
[Result "1-0"]
[WhiteElo "2233"]
[BlackElo "1491"]
[Annotator "TA"]
[PlyCount "77"]
[EventDate "2019.??.??"]
[EventCountry "LTU"]
[SourceTitle "playchess.com"]
[Source "ChessBase"]
[SourceQuality "1"]

{[%evp 22,77,46,47,42,34,72,64,76,72,120,37,77,75,120,108,99,67,85,71,91,45,73,50,55,7,29,29,89,78,98,74,88,83,85,83,73,61,131,119,195,204,472,160,432,432,830,830,5081,3949,2695,2688,2401,1031,29981,29982,29991,1095]} 1. d4 d5 2. e3 c6 3. c4 Nf6 4. Nc3 e6 5. Nf3 Nbd7 6. Bd3 Bd6 7. e4 dxe4 8. Nxe4 Nxe4 9. Bxe4 Nf6 10. Bc2 Bb4+ 11. Bd2 Bxd2+ 12. Qxd2 b6 {D46: Semi-Slav: 5 e3 Nbd7 6 Bd3, Black avoids the Meran} 13. O-O Ba6 $146 ({Predecessor:} 13... Bb7 14. Qf4 Qe7 15. Rfe1 Rd8 16. Rad1 Qb4 17. Qc7 Qe7 18. Qg3 Kf8 19. Ne5 Nd7 20. Nxd7+ Qxd7 {1-0 (44) Gustafsson,J (2636)-Kolbus,D (2316) Germany 2014}) 14. Ne5 Qc7 {White is slightly better.} 15. Qb4 O-O-O 16. Nf3 (16. Qc3 $16) 16... Bb7 17. c5 Nd7 18. Qa3 Kb8 19. cxb6 Nxb6 20. Rfc1 f6 21. b4 Qd6 22. Bb3 g5 23. Rd1 Nd5 24. Bxd5 cxd5 (24... Qxd5 $11 {keeps the balance.} 25. Rac1 Rhe8) 25. Rac1 g4 26. Nd2 h5 27. Nb3 h4 28. Na5 Rd7 29. Rc5 Rc8 (29... Qf4 $1 $14) 30. Rdc1 $16 Rcc7 {[#]} (30... Rdc7 $16 {keeps fighting.}) 31. b5 $1 $18 (31. Nxb7 Kxb7 32. Qa4 g3 $11) 31... Qb6 $2 (31... h3 32. g3 (32. gxh3 gxh3 33. Qxh3 e5 $16) 32... Re7) 32. Qb4 $2 (32. Nc6+ $18 {and the rest is easy.} Ka8 {[#]} 33. Nxa7 $1 {[%mdl 576] Deflection} Qxa7 34. Qxa7+ Kxa7 35. Rxc7 Rxc7 36. Rxc7) 32... a6 $2 (32... e5 $16 33. Qa4 exd4 34. Nc6+ Ka8) 33. a4 {[%cal Ba2a4,Ba4b5][%mdl 32]} axb5 (33... Ka8 $142 34. Qc3 Kb8 35. Nc6+ Bxc6) 34. axb5 Kc8 35. Rxc7+ Rxc7 36. Qf8+ {[%mdl 64] Double Attack} Kd7 37. Qf7+ (37. Qg7+ $142 Kd8 38. Qxf6+ {[%mdl 64] Double Attack} Kc8 39. Qf8+ Kd7 40. Qf7+ Kd8 41. Qf8+ Kd7 42. Qf7+ Kd8 43. Qf8+ Kd7) 37... Kd6 38. Rxc7 Qxc7 39. Nxb7+ {Accuracy: White = 53%, Black = 14%.} 1-0

[Event "LTU-ch Women 2019"]
[Site "Vilnius"]
[Date "2019.03.20"]
[Round "6.5"]
[White "Butvilaite, Berta Reja"]
[Black "Malisauskiene, Marina"]
[Result "1/2-1/2"]
[WhiteElo "1809"]
[BlackElo "1869"]
[Annotator "NA RC"]
[PlyCount "80"]
[EventDate "2019.??.??"]
[EventCountry "LTU"]
[SourceTitle "playchess.com"]
[Source "ChessBase"]
[SourceQuality "1"]
[TimeControl "5400+30"]

1. e4 {[%emt 0:00:00]} e6 {[%emt 0:00:00]} 2. d4 {[%emt 0:00:30]} d5 {[%emt 0:00:30]} 3. Nc3 {[%emt 0:00:30]} Bb4 {[%emt 0:00:30]} 4. e5 {[%emt 0:00:30]} c5 {[%emt 0:00:30]} 5. a3 {[%emt 0:00:30]} Bxc3+ {[%emt 0:00:30]} 6. bxc3 {[%emt 0:00:30]} Ne7 {[%emt 0:01:06]} 7. Qg4 {[%emt 0:01:25]} g6 {[%emt 0:06:22]} 8. Bg5 {[%emt 0:03:49]} Qa5 {[%emt 0:09:24]} 9. Qf3 {[%emt 0:05:33]} Nbc6 {[%emt 0:00:42]} 10. Ne2 {[%emt 0:02:02]} Nf5 {[%emt 0:02:18]} 11. Bd2 {[%emt 0:03:23]} h5 {[%emt 0:03:26]} 12. g3 {[%emt 0:02:18]} Qa4 {[%emt 0:00:51]} 13. Ra2 {[%emt 0:07:01]} cxd4 {[%emt 0:02:07]} 14. cxd4 {[%emt 0:00:32]} Ncxd4 {[%emt 0:05:05]} 15. Nxd4 {[%emt 0:01:15]} Qxd4 {[%emt 0:02:25]} 16. Bc3 {[%emt 0:00:53]} Qc5 {[%emt 0:07:33]} 17. Bb4 {[%emt 0:02:43]} Qc7 {[%emt 0:00:38]} 18. Bb5+ {[%emt 0:11:07]} Bd7 {[%emt 0:00:30]} 19. Bxd7+ {[%emt 0:00:33]} Kxd7 {[%emt 0:03:07]} 20. O-O {[%emt 0:01:05]} Rhc8 {[%emt 0:01:36]} 21. Re1 {[%emt 0:03:27]} a5 {[%emt 0:02:30]} 22. Bd2 {[%emt 0:01:29]} Qc4 {[%emt 0:02:46]} 23. Rb2 {[%emt 0:03:04]} Rc7 {[%emt 0:09:42]} 24. Reb1 {[%emt 0:02:59]} Kc8 {[%emt 0:02:01]} 25. h3 {[%emt 0:08:13]} Qa4 {[%emt 0:12:53]} 26. g4 {[%emt 0:04:11]} hxg4 {[%emt 0:00:30]} 27. hxg4 {[%emt 0:00:30]} Nd4 {[%emt 0:00:42]} 28. Qh3 {[%emt 0:00:59]} Qe8 {[%emt 0:03:05]} 29. c3 {[%emt 0:08:10]} Nc6 {[%emt 0:00:30]} 30. Qg3 {[%emt 0:09:43]} a4 {[%emt 0:03:50]} 31. Be3 {[%emt 0:01:01]} Qf8 {[%emt 0:01:04]} 32. Bb6 {[%emt 0:01:38]} Rd7 {[%emt 0:00:30]} 33. Qe3 {[%emt 0:00:53]} Qh8 {[%emt 0:01:16]} 34. Bd4 {[%emt 0:00:42]} Na5 {[%emt 0:01:13]} 35. Bb6 {[%emt 0:02:27]} Nb3 {[%emt 0:00:34]} 36. c4 {[%emt 0:01:18]} Qh4 {[%emt 0:02:59]} 37. cxd5 {[%emt 0:01:39]} Qxg4+ {[%emt 0:01:49]} 38. Kh2 {[%emt 0:01:06]} Qh5+ {[%emt 0:04:22]} 39. Kg2 {[%emt 0:01:04]} Qg4+ {[%emt 0:05:18]} 40. Kh2 {[%emt 0:00:30]} Qh5+ {[%emt 0:00:46]} 1/2-1/2

[Event "LTU-ch Women 2019"]
[Site "Vilnius"]
[Date "2019.03.20"]
[Round "6.6"]
[White "Ravlusevic, Evelina"]
[Black "Staskeviciute, Darija"]
[Result "1-0"]
[WhiteElo "1704"]
[BlackElo "1572"]
[Annotator "NA RC"]
[PlyCount "89"]
[EventDate "2019.??.??"]
[EventCountry "LTU"]
[SourceTitle "playchess.com"]
[Source "ChessBase"]
[SourceQuality "1"]
[TimeControl "5400+30"]

1. d4 {[%emt 0:03:36]} d5 {[%emt 0:00:00]} 2. c4 {[%emt 0:00:05]} c6 {[%emt 0:00:00]} 3. Nf3 {[%emt 0:00:05]} Nf6 {[%emt 0:00:24]} 4. Nc3 {[%emt 0:00:06]} e6 {[%emt 0:00:32]} 5. Bf4 {[%emt 0:00:28]} Bd6 {[%emt 0:05:47]} 6. Bg3 {[%emt 0:00:09]} Qc7 {[%emt 0:05:23]} 7. e3 {[%emt 0:00:17]} Nbd7 {[%emt 0:00:21]} 8. Rc1 {[%emt 0:00:37]} a6 {[%emt 0:07:43]} 9. Bd3 {[%emt 0:00:35]} Bxg3 {[%emt 0:01:11]} 10. hxg3 {[%emt 0:00:02]} dxc4 {[%emt 0:00:14]} 11. Bxc4 {[%emt 0:00:14]} b5 {[%emt 0:00:57]} 12. Bd3 {[%emt 0:00:23]} c5 {[%emt 0:00:47]} 13. O-O {[%emt 0:04:58]} c4 {[%emt 0:01:21]} 14. Be2 {[%emt 0:01:00]} Qb6 {[%emt 0:03:11]} 15. b3 {[%emt 0:00:47]} cxb3 {[%emt 0:00:39]} 16. Qxb3 {[%emt 0:00:08]} O-O {[%emt 0:00:16]} 17. Rb1 {[%emt 0:00:58]} Rb8 {[%emt 0:01:48]} 18. e4 {[%emt 0:04:33]} Bb7 {[%emt 0:01:22]} 19. Bd3 {[%emt 0:00:46]} Ba8 {[%emt 0:00:41]} 20. Qc2 {[%emt 0:00:48]} h6 {[%emt 0:00:35]} 21. a4 {[%emt 0:00:18]} b4 {[%emt 0:00:25]} 22. Qe2 {[%emt 0:02:56]} a5 {[%emt 0:00:21]} 23. Nb5 {[%emt 0:00:17]} Rbc8 {[%emt 0:03:55]} 24. Nd2 {[%emt 0:00:38]} Qd8 {[%emt 0:05:42]} 25. Rbc1 {[%emt 0:03:02]} Nb6 {[%emt 0:00:29]} 26. Ra1 {[%emt 0:03:39]} Qd7 {[%emt 0:05:55]} 27. Nb3 {[%emt 0:01:10]} Rfd8 {[%emt 0:01:36]} 28. Nxa5 {[%emt 0:00:41]} Bc6 {[%emt 0:02:45]} 29. Nxc6 {[%emt 0:03:41]} Rxc6 {[%emt 0:00:48]} 30. a5 {[%emt 0:01:32]} Nc8 {[%emt 0:00:44]} 31. Qb2 {[%emt 0:00:44]} Qe7 {[%emt 0:01:06]} 32. Rfb1 {[%emt 0:00:38]} Na7 {[%emt 0:17:02]} 33. Qxb4 {[%emt 0:04:01]} Qxb4 {[%emt 0:00:32]} 34. Rxb4 {[%emt 0:00:02]} Nxb5 {[%emt 0:00:10]} 35. Bxb5 {[%emt 0:00:21]} Rc2 {[%emt 0:00:20]} 36. f3 {[%emt 0:01:29]} Nh5 {[%emt 0:00:54]} 37. Kh2 {[%emt 0:01:31]} Ra8 {[%emt 0:02:31]} 38. a6 {[%emt 0:01:00]} Ra7 {[%emt 0:00:06]} 39. Bd3 {[%emt 0:00:59]} Rcc7 {[%emt 0:00:08]} 40. e5 {[%emt 0:00:20]} f5 {[%emt 0:00:33]} 41. Rab1 {[%emt 0:00:38]} g5 {[%emt 0:01:02]} 42. Rb7 {[%emt 0:00:36]} Ng7 {[%emt 0:00:28]} 43. Rxc7 {[%emt 0:00:31]} Rxc7 {[%emt 0:00:08]} 44. Rb7 {[%emt 0:00:34]} Rc8 {[%emt 0:00:11]} 45. a7 {[%emt 0:00:23]} 1-0

[Event "LTU-ch Women 2019"]
[Site "Vilnius"]
[Date "2019.03.21"]
[Round "7.2"]
[White "Simkunaite, Gabija"]
[Black "Limontaite, Simona"]
[Result "1/2-1/2"]
[WhiteElo "1820"]
[BlackElo "2233"]
[Annotator "TA"]
[PlyCount "120"]
[EventDate "2019.??.??"]
[EventCountry "LTU"]
[SourceTitle "playchess.com"]
[Source "ChessBase"]
[SourceQuality "1"]

{[%evp 20,120,62,59,50,42,47,36,53,13,20,-5,-5,-8,6,0,0,-11,-5,-11,-10,-25,-25,-22,-22,-20,-27,-31,-33,-28,6,-47,-54,-55,-58,-55,-37,-37,-36,-40,-29,-64,-48,-105,-64,-165,-73,-57,-48,-48,-48,-198,-198,-197,-193,-162,-166,-173,-149,-147,-124,-208,-68,-85,-49,-36,-56,-101,0,0,0,0,0,0,0,0,0,0,0,0,0,0,0,0,0,0,0,0,0,0,0,0,0,0,0,0,0,0,0,0,0,0,0]} 1. e4 e6 2. d4 d5 3. Nc3 dxe4 4. Nxe4 Bd7 5. Nf3 Bc6 6. Bd3 Nd7 7. c3 Be7 8. Bf4 Ngf6 9. Nxf6+ Bxf6 10. O-O O-O 11. Re1 Re8 {C10: French with 3 Nc3: Unusual Black 3rd moves and 3...dxe4} (11... Bxf3 12. Qxf3 c6 13. Rad1 Re8 14. Bb1 g6 15. Qg4 Bg7 16. Bg5 Qc7 17. h4 Nf6 18. Qf3 Nd5 19. h5 {1-0 (66) Mastrovasilis,D (2611)-Lechtynsky,J (2366) Germany 2016}) 12. Ne5 Nxe5 13. Bxe5 g6 $146 {White is slightly better.} ({Predecessor:} 13... Bxe5 14. Rxe5 Qf6 15. Qc2 g6 16. Rae1 Red8 17. Be4 Bxe4 18. Qxe4 c6 19. Qc2 {0-1 (64) Lavrov,M (2374)-Vus,S (2259) Kharkov 2004}) 14. Bxf6 (14. Qg4 {with more complications.} h5 15. Qg3 Bh4 16. Qe3 Bg5 17. f4) 14... Qxf6 15. Be4 (15. Qe2 {seems wilder.} b6 16. f3 Red8 17. Rad1 Bd5 18. b3) 15... Bxe4 16. Rxe4 c6 17. Qe2 Red8 18. Re3 Rd5 19. g3 Rad8 20. Re5 Rxe5 21. dxe5 $11 {[%mdl 4096] Endgame KQR-KQR} Qf5 22. f4 Qd3 23. Qxd3 Rxd3 {KR-KR} 24. Rf1 g5 25. Kg2 (25. fxg5 $11 Re3 26. Rf2) 25... g4 $15 26. Rf2 Kg7 27. Kf1 Kg6 28. Ke2 $1 {[%cal Re2d3]} Rd8 29. Ke3 Kf5 30. Rc2 h5 31. a3 ({White should play} 31. Rc1 $15) 31... a5 32. c4 {[#]} (32. b4 $15) 32... b6 (32... Rd1 $1 $19 33. Ke2 Rh1) 33. a4 $17 c5 34. Ke2 {[#]} h4 $1 {[%mdl 512]} 35. Rc3 ({White has to play} 35. b3 $1 $15) (35. gxh4 Kxf4) 35... hxg3 36. hxg3 Rh8 37. Rb3 Rh2+ 38. Kf1 Rc2 39. Rxb6 Ke4 40. Rb3 (40. Rb7 $17) 40... Kd4 (40... Rxc4 $19 41. Ke2 Rc2+ 42. Ke1 c4) 41. Rb7 $15 Kxc4 42. Rxf7 Rxb2 43. Ra7 Kd3 (43... Kd4 $17 {Hoping for ...c4.} 44. f5 exf5 45. Rxa5 Rb3) 44. f5 $1 $11 {The position is equal.} exf5 {White must now prevent ...c4.} 45. e6 Rb6 46. Rxa5 Rxe6 {And now ...c4 would win.} 47. Rxc5 Ke4 48. Kf2 Rb6 49. Rc2 Ra6 50. Ra2 Ra5 51. Ke2 Kd4 52. Ra1 Ke4 53. Ra2 f4 54. gxf4 $1 Kxf4 55. Kf2 g3+ 56. Kg1 Kg4 57. Kg2 Rh5 {( -> ...Rh2+)} 58. Kg1 Kh3 59. a5 {next a6 is good for White.} Rc5 {[%cal Rc5c1]} 60. Ra1 Rc7 {Accuracy: White = 51%, Black = 64%.} 1/2-1/2